• 首页
  • 本馆介绍
  • 公告通知
  • 最新文献
  • 馆藏检索
  • 电子资源
  • 读者导购
  • 参考咨询
  • 我的图书馆
  • 登录
  • 详细信息显示
  • 放入我的书架
  • 预约/预借图书
  • 作者相关作品
  • 分类相关作品
  • 丛书相关作品
  • 出版社相关作品

书目信息

  • 表格格式
  • 工作单格式
  • 卡片格式
题名:
管理学
    
 
作者: 沈纬凤
分册:  
出版信息: 长沙   国防科技大学出版社  37135
页数: 310页
开本: 20cm
丛书名:
单 册:
中图分类: G463
科图分类:
主题词: 教育行政
电子资源:
ISBN: 7-81024-783-2
000 00484nam0 2200181 450
001 0728815141
005 20070819080015.14
010    @a7-81024-783-2@d¥17.00
100    @a20070819d km y0chiy0120 ea
101 0  @achi
200 1  @a管理学@Aguan li xue@f沈纬凤@Fshen wei feng
210    @a长沙@c国防科技大学出版社@d37135
215    @a310页@d20cm
606 0  @a教育行政
690    @aG463@v3
701  0 @a沈纬凤@Ashen wei feng
801  0 @aCN@bPFT@c20070819
905    @a213230@dG463@eZW7@f1
    
    管理学/沈纬凤.-长沙:国防科技大学出版社,37135
    310页;20cm
    
    
    ISBN 7-81024-783-2:¥17.00
    
●
相关链接 在E读中查询图书 在五车中查询图书 在当当中查询图书 在豆瓣中查询图书


正题名:管理学     索取号:G463/ZW7         预约/预借

序号 登录号 条形码 馆藏地/架位号 状态 备注
1 7613919   276139199   密集书库-文学院/ [索取号:G463/ZW7] 在馆    
2 7613920   276139206   密集书库-文学院/ [索取号:G463/ZW7] 在馆    
唐山师范学院图书馆 欢迎您!
大连网信软件有限公司© 版权所有